[Event "Lahti LahS Weekend-A"]
[Site "Lahti"]
[Date "2019.08.17"]
[Round "1"]
[White "Sipila, Markku"]
[Black "Laasanen, Teemu"]
[Result "1-0"]
[WhiteElo "2020"]
[BlackElo "2131"]
[PlyCount "125"]
[EventDate "2019.08.17"]
[EventType "swiss"]
[EventRounds "4"]
[EventCountry "FIN"]
[SourceTitle "CBM 192 Extra"]
[Source "Chessbase"]
[SourceDate "2019.11.06"]
[SourceVersion "1"]
[SourceVersionDate "2019.11.06"]
[SourceQuality "1"]

1. d4 Nf6 2. c4 e6 3. Nc3 Bb4 4. Qc2 0-0 5. Nf3 c5 6. Bf4 d5 7. e3 Nc6 8. Rd1 cxd4 9. exd4 Qa5 10. a3 Bxc3+ 11. Qxc3 Qxc3+ 12. bxc3 dxc4 13. Bxc4 Na5 14. Bd3 Nd5 15. Bd2 Nb6 16. Ne5 f6 17. Nf3 Nbc4 18. Bc1 e5 19. 0-0 Bg4 20. Rfe1 Rad8 21. h3 Bxf3 22. gxf3 exd4 23. cxd4 Nb6 24. Bf5 g6 25. Be6+ Kg7 26. Bf4 Nd5 27. Bg3 Nc6 28. Rb1 b6 29. Rbc1 Nxd4 30. Bxd5 Rxd5 31. Re7+ Rf7 32. Rxf7+ Kxf7 33. Rc7+ Ke6 34. Rxa7 Ra5 35. Rb7 b5 36. Rb6+ Kd5 37. Bd6 Nxf3+ 38. Kh1 Nd4 39. Bb4 Ra4 40. Rxf6 Nc2 41. Rd6+ Kc4 42. Rc6+ Kb3 43. Rc3+ Kb2 44. Rc5 Rxa3 45. Rxc2+ Kxc2 46. Bxa3 Kb3 47. Be7 b4 48. Kg2 Kc4 49. Kg3 b3 50. Bf6 Kd3 51. f4 Ke4 52. Kg4 h5+ 53. Kg5 h4 54. Kg4 Ke3 55. Be5 Ke4 56. Bb2 Ke3 57. Bc1+ Ke4 58. Kxh4 b2 59. Bxb2 Kxf4 60. Bc1+ Kf3 61. Kg5 Kg3 62. h4 Kh3 63. Bd2 1-0

[Event "Lahti We LahS A"]
[Site "Lahti"]
[Date "2018.08.19"]
[Round "3"]
[White "Sipila, Markku"]
[Black "Wilen, Eero"]
[Result "1/2-1/2"]
[WhiteElo "2047"]
[BlackElo "2059"]
[PlyCount "75"]
[EventDate "2018.08.18"]
[EventType "swiss"]
[EventRounds "4"]
[EventCountry "FIN"]
[SourceTitle "EXT 2022"]
[Source "ChessBase"]
[SourceDate "2021.10.06"]
[SourceVersion "1"]
[SourceVersionDate "2021.10.06"]
[SourceQuality "1"]

1. d4 Nf6 2. c4 Nc6 3. Nf3 d6 4. Nc3 e5 5. d5 Nb8 6. e4 Bg4 7. Bg5 h6 8. Be3 Be7 9. Be2 Nbd7 10. Nd2 Bxe2 11. Qxe2 b6 12. 0-0 g5 13. b4 Nf8 14. g3 Ng6 15. Nb3 Kf8 16. a4 Qd7 17. a5 Kg7 18. c5 dxc5 19. bxc5 bxc5 20. Nxc5 Qh3 21. f3 h5 22. Qg2 Qc8 23. a6 h4 24. Nb7 hxg3 25. hxg3 Nd7 26. Nb5 Nb6 27. Rac1 Qd7 28. Nxc7 Rac8 29. d6 Bxd6 30. Nxd6 Qxd6 31. Rfd1 Qa3 32. Bxg5 Rh5 33. Bh4 Nxh4 34. gxh4+ Kh7 35. Nd5 Rxc1 36. Nf6+ Kh6 37. Ng8+ Kh7 38. Nf6+ 1/2-1/2

[Event "Lahti We LahS A"]
[Site "Lahti"]
[Date "2018.08.18"]
[Round "2"]
[White "Tuominen, Joona"]
[Black "Sipila, Markku"]
[Result "0-1"]
[WhiteElo "1930"]
[BlackElo "2047"]
[PlyCount "90"]
[EventDate "2018.08.18"]
[EventType "swiss"]
[EventRounds "4"]
[EventCountry "FIN"]
[SourceTitle "EXT 2022"]
[Source "ChessBase"]
[SourceDate "2021.10.06"]
[SourceVersion "1"]
[SourceVersionDate "2021.10.06"]
[SourceQuality "1"]

1. Nf3 d5 2. c4 c6 3. b3 Nf6 4. g3 g6 5. Bg2 Bg7 6. Bb2 0-0 7. 0-0 Nbd7 8. d3 Re8 9. Nc3 e5 10. e4 d4 11. Ne2 h5 12. Ne1 c5 13. Bc1 Nf8 14. f4 Ng4 15. fxe5 Bxe5 16. Nf3 Bg7 17. Ng5 f6 18. Nf3 f5 19. Bg5 Qa5 20. Qd2 Qxd2 21. Nxd2 Ne3 22. Rf2 Nh7 23. Bf4 Nxg2 24. Kxg2 b6 25. Bd6 Bb7 26. Nf4 Rad8 27. Nxg6 Rxd6 28. Nf4 fxe4 29. dxe4 Bxe4+ 30. Nxe4 Rxe4 31. Nxh5 d3 32. Rd1 Bh6 33. Nf4 Bxf4 34. gxf4 Nf6 35. h4 Red4 36. Rf3 Ne4 37. Kh3 Kf8 38. Kg4 Kf7 39. h5 d2 40. Kf5 Rf6+ 41. Ke5 Re6+ 42. Kf5 Nd6+ 43. Kg5 Re1 44. Rf1 Rxf1 45. Rxf1 d1Q 0-1

[Event "Helsinki We EtVaS A"]
[Site "Helsinki"]
[Date "2018.05.05"]
[Round "2"]
[White "Paasikangas Tella, Johanna"]
[Black "Sipila, Markku"]
[Result "0-1"]
[WhiteElo "2248"]
[BlackElo "2046"]
[PlyCount "100"]
[EventDate "2018.05.04"]
[EventType "swiss"]
[EventRounds "5"]
[EventCountry "FIN"]
[SourceTitle "EXT 2022"]
[Source "ChessBase"]
[SourceDate "2021.10.06"]
[SourceVersion "1"]
[SourceVersionDate "2021.10.06"]
[SourceQuality "1"]

1. d4 Nf6 2. Nf3 d5 3. Bg5 e6 4. e3 Be7 5. Bd3 h6 6. Bf4 c5 7. c3 0-0 8. Nbd2 b6 9. Ne5 Bb7 10. Qf3 Nbd7 11. h4 cxd4 12. exd4 Nxe5 13. dxe5 Nd7 14. Qg3 Kh8 15. Bxh6 gxh6 16. Qf4 Kg7 17. Rh3 Rh8 18. Rf3 Nxe5 19. Qxe5+ Bf6 20. Qg3+ Kf8 21. Qf4 Kg7 22. 0-0-0 e5 23. Qg4+ Kf8 24. Qf5 Kg7 25. Bc2 Bc8 26. Qh5 Qe7 27. Re1 Be6 28. Rg3+ Kf8 29. Bf5 Rc8 30. Bxe6 Qxe6 31. Kb1 e4 32. Rge3 Qe5 33. Qg4 Qe6 34. Qxe6 fxe6 35. g3 Rg8 36. R3e2 Be7 37. Rd1 b5 38. Rf1 Bd6 39. Nb3 Ke7 40. Nd4 a6 41. f3 Rcf8 42. Rg1 e5 43. Nc6+ Kd7 44. Nb4 exf3 45. Rd2 Bxb4 46. cxb4 Ke6 47. Rgd1 Rd8 48. Rg1 e4 49. Kc2 Ke5 50. Kd1 d4 0-1

[Event "Jyvaskyla We JyS A"]
[Site "Jyvaskyla"]
[Date "2018.01.26"]
[Round "1"]
[White "Sipila, Markku"]
[Black "Keso, Elias"]
[Result "1/2-1/2"]
[WhiteElo "2043"]
[BlackElo "1799"]
[PlyCount "60"]
[EventDate "2018.01.26"]
[EventType "swiss"]
[EventRounds "5"]
[EventCountry "FIN"]
[SourceTitle "EXT 2022"]
[Source "ChessBase"]
[SourceDate "2021.10.06"]
[SourceVersion "1"]
[SourceVersionDate "2021.10.06"]
[SourceQuality "1"]

1. d4 d5 2. Nf3 Nf6 3. c4 c6 4. Nc3 e6 5. g3 Bd6 6. Bg2 0-0 7. 0-0 Nbd7 8. Qc2 dxc4 9. e4 e5 10. dxe5 Nxe5 11. Nxe5 Bxe5 12. Rd1 Qe7 13. h3 Bc7 14. a4 Rd8 15. Be3 Bb6 16. Rxd8+ Qxd8 17. Rd1 Qe7 18. e5 Nd7 19. Bxb6 axb6 20. Qe4 h6 21. Qxc4 Qxe5 22. Kh2 Qe7 23. b4 Nf6 24. Qd4 Be6 25. Qxb6 Bb3 26. Rd2 Bxa4 27. Re2 Qd7 28. Qc5 Bb3 29. Re7 Qc8 30. Qd6 Be6 1/2-1/2

[Event "Lahti We LahS A"]
[Site "Lahti"]
[Date "2017.08.19"]
[Round "1"]
[White "Heinola, Vesa Pekka"]
[Black "Sipila, Markku"]
[Result "1-0"]
[WhiteElo "2256"]
[BlackElo "2029"]
[PlyCount "71"]
[EventDate "2017.08.19"]
[EventType "swiss"]
[EventRounds "4"]
[EventCountry "FIN"]
[SourceTitle "EXT 2022"]
[Source "ChessBase"]
[SourceDate "2021.10.06"]
[SourceVersion "1"]
[SourceVersionDate "2021.10.06"]
[SourceQuality "1"]

1. d4 Nf6 2. c4 c5 3. d5 a6 4. a4 e5 5. Nc3 d6 6. e4 Be7 7. Bd3 0-0 8. h3 Ne8 9. Nf3 g6 10. Bh6 Ng7 11. g4 f6 12. Qd2 Rf7 13. Ke2 Nd7 14. Rag1 Nf8 15. h4 Bd7 16. Rg3 Rb8 17. Ne1 Ne8 18. f4 exf4 19. Bxf4 Nc7 20. Nf3 b5 21. g5 bxc4 22. Bxc4 Rb4 23. b3 Bc8 24. Kd1 a5 25. gxf6 Bxf6 26. e5 Bg7 27. Bg5 Qe8 28. exd6 Rxf3 29. Rxf3 Bg4 30. Rhf1 Rxc4 31. bxc4 Na6 32. Qe1 Qb8 33. Nb5 Qc8 34. Qe4 h6 35. Be7 Nd7 36. Qxg4 1-0

[Event "Helsinki We EtVaS A"]
[Site "Helsinki"]
[Date "2017.05.07"]
[Round "4"]
[White "Sipila, Markku"]
[Black "Lindholm, Jere"]
[Result "1-0"]
[WhiteElo "2009"]
[BlackElo "2020"]
[PlyCount "63"]
[EventDate "2017.05.05"]
[EventType "swiss"]
[EventRounds "5"]
[EventCountry "FIN"]
[SourceTitle "EXT 2022"]
[Source "ChessBase"]
[SourceDate "2021.10.06"]
[SourceVersion "1"]
[SourceVersionDate "2021.10.06"]
[SourceQuality "1"]

1. d4 Nf6 2. c4 c6 3. Nc3 d5 4. Nf3 e6 5. g3 dxc4 6. a4 Nbd7 7. Bg2 c5 8. 0-0 Qb6 9. a5 Qa6 10. Qa4 Nd5 11. Nb5 Qc6 12. e4 a6 13. exd5 Qxb5 14. dxe6 fxe6 15. Re1 Nf6 16. Ng5 cxd4 17. Nxe6 Bxe6 18. Rxe6+ Kf7 19. Qxb5 axb5 20. Rb6 Ra7 21. Rxb5 b6 22. Rxb6 Bc5 23. Rb5 Re8 24. Bf4 Rc8 25. Bb7 Rd8 26. a6 Bd6 27. Bxd6 Rxd6 28. Rc5 Nd7 29. Rxc4 Ne5 30. Rb4 Kf6 31. Raa4 Nc6 32. Rb6 1-0

[Event "Prague Summer op-B 3rd"]
[Site "Prague"]
[Date "2016.08.05"]
[Round "1"]
[White "Sipila, Markku"]
[Black "Alessandrini, Alfredo"]
[Result "1-0"]
[WhiteElo "1991"]
[BlackElo "1649"]
[PlyCount "103"]
[EventDate "2016.08.05"]
[EventType "swiss"]
[EventRounds "9"]
[EventCountry "CZE"]
[SourceTitle "CBM 173 Extra"]
[Source "ChessBase"]
[SourceDate "2016.08.29"]
[SourceVersion "1"]
[SourceVersionDate "2016.08.29"]
[SourceQuality "1"]

1. d4 d5 2. Nf3 Nf6 3. g3 Bf5 4. Bg2 e6 5. 0-0 Be7 6. c4 0-0 7. Nc3 Nc6 8. cxd5 Nxd5 9. Re1 Bb4 10. Bd2 Bxc3 11. bxc3 Nf6 12. Nh4 Qd7 13. e4 Bg6 14. Nxg6 fxg6 15. f4 Rad8 16. Qe2 Rfe8 17. Be3 Ne7 18. c4 Qa4 19. Rab1 b6 20. Bf3 Kh8 21. Rec1 Qa6 22. Rb2 Kg8 23. c5 Qxe2 24. Rxe2 b5 25. Rb2 c6 26. a4 a6 27. axb5 axb5 28. Ra1 Kf7 29. Ra7 Ra8 30. Rba2 Rxa7 31. Rxa7 Rb8 32. g4 b4 33. Ra2 b3 34. Rb2 Rb4 35. g5 Nh5 36. Bd1 Nc8 37. Rxb3 Rxb3 38. Bxb3 Ke7 39. d5 exd5 40. exd5 cxd5 41. Bxd5 Kf8 42. Kg2 Ne7 43. Bc4 Nf5 44. Kf2 Ke7 45. Bd2 Nd4 46. Ke3 Ne6 47. Bxe6 Kxe6 48. Kd4 Kd7 49. Kd5 h6 50. Be3 Kc7 51. Ke6 hxg5 52. fxg5 1-0

[Event "Lahti We LahS A"]
[Site "Lahti"]
[Date "2016.07.16"]
[Round "3"]
[White "Sipila, Markku"]
[Black "Mustonen, Tapani"]
[Result "1-0"]
[WhiteElo "1991"]
[BlackElo "1871"]
[PlyCount "69"]
[EventDate "2016.07.15"]
[EventType "swiss"]
[EventRounds "5"]
[EventCountry "FIN"]
[SourceTitle "EXT 2022"]
[Source "ChessBase"]
[SourceDate "2021.10.06"]
[SourceVersion "1"]
[SourceVersionDate "2021.10.06"]
[SourceQuality "1"]

1. d4 Nf6 2. c4 g6 3. Nc3 d5 4. Nf3 Bg7 5. Qb3 dxc4 6. Qxc4 a6 7. Bf4 c6 8. Qb3 b5 9. e4 0-0 10. Be2 a5 11. Qc2 Qb6 12. Be3 Ng4 13. Qd2 Nxe3 14. Qxe3 Bg4 15. Rd1 Rd8 16. e5 Na6 17. 0-0 Nb4 18. Qf4 Bxf3 19. Bxf3 e6 20. Ne4 Nd5 21. Qg5 h6 22. Qg4 Bf8 23. h4 Be7 24. h5 g5 25. g3 c5 26. dxc5 Bxc5 27. Rxd5 exd5 28. Nf6+ Kg7 29. Qf5 Rh8 30. Bxd5 Ra7 31. e6 Re7 32. Ne4 Bd4 33. exf7 Rf8 34. Nxg5 Qf6 35. Qh7# 1-0

[Event "Helsinki Garde Spring Weekend A"]
[Site "Helsinki"]
[Date "2016.03.06"]
[Round "5"]
[White "Sipila, Markku"]
[Black "Ertbjerg, Per"]
[Result "1-0"]
[WhiteElo "1973"]
[BlackElo "1923"]
[PlyCount "71"]
[EventDate "2016.03.04"]
[EventType "swiss"]
[EventRounds "5"]
[EventCountry "FIN"]
[SourceTitle "EXT 2022"]
[Source "ChessBase"]
[SourceDate "2021.10.06"]
[SourceVersion "1"]
[SourceVersionDate "2021.10.06"]
[SourceQuality "1"]

1. d4 Nf6 2. c4 g6 3. Nc3 d5 4. Nf3 Bg7 5. Qb3 dxc4 6. Qxc4 0-0 7. e4 Nc6 8. Be2 Nd7 9. Be3 Nb6 10. Qc5 Bg4 11. 0-0-0 Qd6 12. Rd2 Rfd8 13. Rhd1 Nd7 14. Qc4 Nb6 15. Qc5 Bxf3 16. gxf3 a6 17. Kb1 Nd7 18. Qxd6 cxd6 19. f4 b5 20. e5 Rdc8 21. Bg4 e6 22. d5 Ncxe5 23. fxe5 Nxe5 24. Be2 Bf8 25. Bd4 Nc4 26. Bxc4 Rxc4 27. f4 Rac8 28. a3 b4 29. axb4 Rxb4 30. Na2 Rb5 31. Nc3 Rb4 32. Ne4 exd5 33. Nf6+ Kg7 34. Nxd5+ Rxd4 35. Rxd4 f5 36. Ra4 1-0

[Event "Jyvaskyla Winter Weekend A"]
[Site "Jyvaskyla"]
[Date "2016.01.22"]
[Round "1"]
[White "Nevanlinna, Risto"]
[Black "Sipila, Markku"]
[Result "1-0"]
[WhiteElo "2224"]
[BlackElo "1973"]
[PlyCount "51"]
[EventDate "2016.01.22"]
[EventType "swiss"]
[EventRounds "5"]
[EventCountry "FIN"]
[SourceTitle "EXT 2022"]
[Source "ChessBase"]
[SourceDate "2021.10.06"]
[SourceVersion "1"]
[SourceVersionDate "2021.10.06"]
[SourceQuality "1"]

1. e4 c5 2. Nc3 Nc6 3. f4 g6 4. Nf3 Bg7 5. Bb5 e6 6. Bxc6 bxc6 7. 0-0 d5 8. d3 Ba6 9. Qe1 Ne7 10. Qh4 Rb8 11. f5 gxf5 12. Bh6 Rg8 13. Bxg7 Rxg7 14. Qh6 Rg6 15. Qxh7 dxe4 16. dxe4 Bxf1 17. Rxf1 Rxb2 18. Rd1 Qc7 19. exf5 exf5 20. Re1 Kf8 21. Qh8+ Rg8 22. Qh6+ Rg7 23. Ng5 Kg8 24. Qf6 Qf4 25. Nce4 Rxg5 26. Nxg5 1-0

[Event "Helsinki We LauttSK"]
[Site "Helsinki"]
[Date "2015.10.23"]
[Round "1"]
[White "Elomaa, Arto"]
[Black "Sipila, Markku"]
[Result "0-1"]
[WhiteElo "2141"]
[BlackElo "1955"]
[PlyCount "142"]
[EventDate "2015.10.23"]
[EventType "swiss"]
[EventRounds "5"]
[EventCountry "FIN"]
[SourceTitle "EXT 2022"]
[Source "ChessBase"]
[SourceDate "2021.10.06"]
[SourceVersion "1"]
[SourceVersionDate "2021.10.06"]
[SourceQuality "1"]

1. e4 g6 2. d4 Bg7 3. Nc3 c5 4. d5 d6 5. f4 Na6 6. Nf3 Nc7 7. a4 Rb8 8. Bc4 b6 9. 0-0 Bg4 10. h3 Bxf3 11. Qxf3 a6 12. Re1 b5 13. Bf1 b4 14. Nd1 Nf6 15. Ne3 0-0 16. Nc4 e6 17. dxe6 fxe6 18. Be3 Nxe4 19. Qxe4 d5 20. Qd3 dxc4 21. Qxc4 Qd5 22. Rad1 Qxc4 23. Bxc4 Bxb2 24. Bxc5 Rxf4 25. Bb3 Bc3 26. Bd6 Rf7 27. Bxc7 Rxc7 28. Rxe6 Kg7 29. Rxa6 Re7 30. Rad6 Kh6 31. a5 Rb5 32. a6 Be5 33. Re6 Rc7 34. Kf1 Bg3 35. Ke2 Ra5 36. Rd4 Rf5 37. Rxb4 Rf2+ 38. Kd3 Rd7+ 39. Kc4 Rf4+ 40. Kb5 Rf5+ 41. Kc6 Ra7 42. Bc4 Bf2 43. Bb5 Rc5+ 44. Kd6 Rac7 45. Bd7 Bg3+ 46. Ke7 Rd5 47. Rb7 Rdxd7+ 48. Ke8 Rxb7 49. axb7 Rxb7 50. c4 Rc7 51. Re4 g5 52. Kd8 Rc5 53. Ke7 Kg7 54. Rg4 Bf4 55. g3 Bc1 56. Re4 h6 57. Kd6 Rf5 58. h4 gxh4 59. Rxh4 Bg5 60. Re4 Rf3 61. g4 Kg6 62. c5 Bf4+ 63. Kd5 Kg5 64. Rc4 Rd3+ 65. Ke4 Re3+ 66. Kd5 Kxg4 67. c6 Re7 68. Rc2 h5 69. Rg2+ Kf3 70. Rg8 h4 71. Rh8 Bg3 0-1